Questions-réponses sur Dieppe - Statistiques

Statistiques générales
  • Ce quiz a été pris 48 fois
  • Le résultat moyen est 8 sur 20
Statistiques - réponses
Questions Réponses % Correct
Région dans laquelle se situe Dieppe. La Normandie
100%
Mer qui borde Dieppe. La Manche
98%
Pays avec lequel Dieppe assure une liaison par bateau depuis le XIXe siècle. Le Royaume-Uni
85%
Région naturelle historique délimitée au nord par la côte précédente et dont Dieppe est la capitale historique : le pays de ___. Caux
75%
Nom donné au littoral connu pour ses impressionnantes falaises qui s'étend de Dieppe jusqu'au Havre : la côte d'______. Albâtre
63%
Surnom de Dieppe : la ville aux quatre ___. Ports
58%
Objet fait d'une armature tendue de papier ou de tissu, qui peut s'élever en l'air lorsqu'on le tire face au vent. Dieppe en accueille le festival international, tous les deux ans. Le cerf-volant
53%
Substance dure, blanche, opaque qui est la matière principale des dents et des défenses d’animaux comme l’éléphant, l’hippopotame, le morse. Le musée de Dieppe qui se trouve dans le Château de Dieppe abrite une des plus importantes collections de sculptures de cette matière en Europe (2 000 pièces au bas mot). L'ivoire
45%
Spécialité culinaire dieppoise. Il s’agit d’une soupe et d'un plat principal, proposé en deux services, à base de poissons de l'Atlantique ou de la mer du Nord (turbot, sole, rougets grondins, lotte), de mollusques (moules, praires, coques, coquilles Saint-Jacques) et de crustacés (crevettes, homards). L'ensemble est revenu dans du beurre, puis mouillé au cidre ou au vin blanc sec, puis à l'eau. La marmite dieppoise
43%
Fleuve côtier qui se jette dans la précédente à Dieppe. L'Arque
43%
Ministre de Louis XIV qui s'était rendu à Dieppe en 1672 et avait déjà fait agrandir le port. Il donne son nom au pont tournant de Dieppe, inauguré en 1889, le dernier pont tournant d'Europe qui a conservé son mécanisme d'origine. Jean-Baptiste Colbert
40%
Engin installé en 1794 sur la Place du Marché aux fruits (auj. Place nationale) de Dieppe et qui servait à l'exécution de plusieurs personnes comme le prêtre réfractaire Clément Briche ou encore François Mallet accusé, sur un acte de délation de ses voisins, d'avoir tenus des propos contre-révolutionnaires. La guillotine
35%
Impératrice des Français qui transforma le vague terrain herbeux situé sur le littoral en un jardin d’ornement public. Ces vastes pelouses existent toujours. Eugénie de Montijo
20%
Province canadienne dans laquelle se trouve une ville fondée par des Acadiens sous le nom de Sylvabreau en 1730, qui a adopté le nom de Dieppe en 1942, pour honorer la mémoire des nombreux soldats canadiens disparus lors du débarquement raté évoqué à la question précédente. Le Nouveau Brunswick
15%
Fleuve canadien que reconnurent également Thomas Aubert et Jean Vérassen. Ce sont eux qui lui donnèrent son nom. Le Saint-Laurent
15%
Grande île canadienne que repérèrent, dès 1508, soit 26 ans avant Jacques Cartier, les capitaines Thomas Aubert et Jean Vérassen, partis de Dieppe. Terre-Neuve
13%
Romancier belge qui a situé deux de ses romans policiers à Dieppe : L'Homme de Londres (1934) et Tempête sur la Manche (1944). Georges simenon
10%
Amiral britannique, commandant les opérations du débarquement allié sur Dieppe, le 19 août 1942 qui fut un véritable désastre. Cet amiral était le grand-oncle de l'actuel roi Charles III et fut après-guerre, le dernier vice-roi des Indes. Lord Louis Mountbatten
10%
Adversaire anglais du précédent et en même temps, duc de [réponse #1]. Il fit terminer la construction du Château de Dieppe, entamée par son prédécesseur Henri II Plantagenêt et que le Roi de France (réponse précédente) a rasé. Richard Ier Cœur de Lion
10%
Roi de France excommunié pour bigamie qui incendia la ville ainsi que les navires du port et fit prisonniers ceux des habitants qui n’avaient pas pu fuir. Plus tard, il annexa la région (réponse #1) toute entière, région qui était encore un duché. Philippe II Auguste
8%
Aucun quiz correspondant
Distribution des résultats
% des personnes avec chaque résultat
Percentile par nombre de réponses
Votre historique - résultats
Vous n’avez pas pris ce quiz